000 01164nam a22003257a 4500
003 MX-MxINE
005 20260530113919.0
008 260519t1998 mx a|||| |||| 00| 0 spa d
020 _a9686533702
040 _aMX-MxINE
_bspa
_cMX-MxINE
_erda
041 _aspa
050 _aTR660.5
_bF73 1998
245 _aFranz Mayer :
_bfotógrafo /
_cedición de Héctor Rivero Borrell M., Margarita de Orellana, Alberto Ruy Sánchez
250 _a2a. edición.
264 _aMéxico, D.F. ;
_bMuseo Franz Mayer :
_bArtes de México,
_c1998
300 _a83 páginas :
_bilustraciones
336 _2rdacontent
_atexto
337 _2rdamedia
_asin medio
338 _2rdacarrier
_avolumen
490 _aColección uso y estilo ;
_v2
500 _aEnsayos en español e inglés
600 1 _aMayer, Franz,
_d1882-1975
_92545
650 4 _aFotografía de paisaje
_zMéxico
_934423
650 4 _aFotografía artística
_92547
650 4 _aCrítica fotográfica
_934424
700 1 _aRivero Borrell M., Hector,
_eeditor
_99097
700 1 _aRuy Sánchez, Alberto,
_d1951-
_eeditor
_91401
700 1 _aOrellana, Margarita de,
_eeditor
_921007
942 _2lcc
_cBK
_n1
999 _c12391
_d12391